Основы вычислительной физики: учебное пособие

Dettagli Bibliografici
Autore principale: Зализняк В. Е. Виктор Евгеньевич
Lingua:russo
Pubblicazione: Москва, Техносфера, 2008
Serie:Мир физики и техники
Natura: MixedMaterials Libro
KOHA link:https://koha.lib.tpu.ru/cgi-bin/koha/opac-detail.pl?biblionumber=157062

MARC

LEADER 00000nam1a2200000 4500
001 157062
005 20231031153502.0
035 |a (RuTPU)RU\TPU\book\170346 
035 |a RU\TPU\book\88371 
090 |a 157062 
100 |a 20090403d k y0rusy50 ca 
101 0 |a rus 
102 |a RU 
200 1 |a Основы вычислительной физики  |e учебное пособие  |f В. Е. Зализняк 
210 |a Москва  |c Техносфера  |d 2008 
225 1 |a Мир физики и техники 
700 1 |a Зализняк  |b В. Е.  |g Виктор Евгеньевич 
801 1 |a RU  |b 63413507  |c 20050929  |g PSBO 
801 2 |a RU  |b 63413507  |c 20090403  |g PSBO 
942 |c BK